000 00602nam a22002297a 4500
003 UA-OsUOA
001 16840
007 ta
008 20031028b un ||||| |||| 00| 0 ukr d
100 _aДенисюк М.
090 _bД-332
942 _cBK
040 _aUA-OsUOA
_bukr
_cUA-OsUOA
_dUA-OsUOA
245 _aЩоб світити людям
_bРозповіді про митців Дубенщини
300 _a32 с.
955 _a0
041 _aukr
591 _a63.3(4Укр-4Рів)
260 _aДубно
_c2001
044 _aUA
650 7 _aКраєзнавча робота
_2UDC
999 _c303007
_d303007